Bilecik Bilecik Bilecik Bilecik Bilecik

Arı kovanına çomak sokmak : (Record no. 52522)

MARC details
000 -BAŞLIK
Sabit Uzunluktaki Kontrol Alanı 01254nam a22003617a 4500
001 - KONTROL NUMARASI
Control Dosyası 0052708
003 - KONTROL NUMARASI KİMLİĞİ
Kontrol Alanı KOHA_MİRAKIL
005 - EN SON İŞLEM TARİHİ ve ZAMANI
Kontrol Alanı 20260207003852.0
007 - FİZİKSEL TANIM SABİT ALAN - GENEL BİLGİ
Sabit uzunluklu kontrol alanı ta
008 - SABİT UZUNLUKTAKİ VERİ ÖGELERİ - GENEL BİLGİ
Sabit Alan 150629b2014 tu a|||gr||||#0|||0|tur |
020 ## - ISBN - ULUSLARARASI STANDART KİTAP NUMARASI
Isbn 9786050816723
040 ## - KATALOGLAMA KAYNAĞI
Özgün Kataloglama Kurumu TR-BiSEU
Kataloglama Dili tur
Çeviri Kurumu TR-BiSEU
Açıklama Kuralları rda
041 0# - DİL KODU
Metin ya da ses kaydının dil kodu tur
044 ## - YAYINLAYAN/ÜRETEN KURULUŞUN ÜLKE KODU
ISO country code tu
050 ## - SINIFLAMA ve YER NUMARASI
Sınıflama Numarası DR438.9.O23
Yer Numarası A3 2014
100 1# - KİŞİ ADI
Yazar Adı (Kişi adı) Ocak, Ahmet Yaşar,
245 1# - ESER ADI BİLDİRİMİ
Başlık Arı kovanına çomak sokmak :
Alt Eseradı vb. taşra kökenli bir tarihçinin sıradan meslek hayatı/
Sorumluluk Bildirimi Ahmet Yaşar Ocak ; Ahmet Yaşar Ocak ; söyleşi: Haşim Şahin..
264 #1 - ÜRERİM, YAYIN, DAĞITIM ve TELİF BİLDİRİMİ
Yayın yeri İstanbul :
Yayınlayan Timaş Yayınları
Yayın tarihi 2014
300 ## - FİZİKSEL TANIMLAMA
Sayfa, Cilt vb. 526 sayfa :
Diğer fiziki detaylar resimli ;
Boyutları 21 cm.
336 ## - İÇERİK TÜRÜ
Content type term metin
Content type code txt
Source rdacontent
337 ## - MEDYA TÜRÜ
Media type term aracısız
Media type code n
Source rdamedia
338 ## - TAŞIYICI TÜRÜ
Carrier type term cilt
Carrier type code nc
Source rdacarrier
490 1# - DİZİ BİLDİRİMİ
Dizi Bildirimi Timaş Yayınları ;
Cilt Numarası 3590.
490 1# - DİZİ BİLDİRİMİ
Dizi Bildirimi Hatırat dizisi/Nehir söyleşi ;
Cilt Numarası 36.
500 ## - GENEL NOT
Genel Not Kaynakça ve dizin var.
650 #0 - KONU BAŞLIĞI EK GİRİŞ - KONU TERİMİ
Konusal terim veya coğrafi ad Ocak, Ahmet Yaşar.
9 (RLIN) 98455
650 #0 - KONU BAŞLIĞI EK GİRİŞ - KONU TERİMİ
Konusal terim veya coğrafi ad Tarihçiler--Türkiye--Biyografi.
9 (RLIN) 13747
650 #0 - KONU BAŞLIĞI EK GİRİŞ - KONU TERİMİ
Konusal terim veya coğrafi ad Historians--Turkey--Biography.
9 (RLIN) 10783
830 1# - SERİ EK GİRİŞİ - TEKBİÇİM ESER ADI
Tekbiçim Başlık Timaş Yayınları ;
Volume number/sequential designation 3590.
9 (RLIN) 9767
830 1# - SERİ EK GİRİŞİ - TEKBİÇİM ESER ADI
Tekbiçim Başlık Hatırat dizisi/Nehir söyleşi ;
Volume number/sequential designation 36.
9 (RLIN) 98456
907 ## - LOCAL DATA ELEMENT G, LDG (RLIN)
a Tarih
942 ## - EK GİRİŞ ÖGELERİ (KOHA)
Source of classification or shelving scheme Library of Congress Classification
Koha item type Book
Holdings
Materyal Türü Kalıcı Konum Mevcut Konum Raf Yeri Sınıflandırma Kaynağı Edinim Bilgisi Ana Konular Alt Konular Yer Numarası Demirbaş Numarası Fatura Tarihi Maliyet, Alış Fiyatı Maliyet, Yenileme Fiyatı Geri Çekilme Durumu Kayıp Durumu Hasarlı Durumu Kredi için değil Kayıt Tarih Toplam Ödünçverme Son Görülme Tarihi Son Kontrol Tarihi Satın Alma Notu
Book Prof. Dr. Azmi Özcan Kütüphanesi Prof. Dr. Azmi Özcan Kütüphanesi Uluğbey Salonu Library of Congress Classification Satın DÜNYA TARİHİ (AVRUPA, ASYA, AFRİKA VB.) Balkan Yarımadası DR438.9.O23 A3 2014 0052708 07/07/2015 16.44 16.44         29/06/2015 1 05/12/2024 05/12/2024 B-984687 - B-984797